000 00254nam a22001217a 4500
040 _cPT
082 _a568 KEN 1991 C 281
100 _aKEN IRONS
245 _aTurning strategy into action
260 _aKorea
_bKen Irons
300 _a136p;
942 _cEK
999 _c11128
_d11128